书目信息 |
| 题名: |
上海交通大学设计学院建筑学系学生设计竞赛获奖作品选
|
|
| 作者: | 范文兵 主编 ;上海交通大学 主编 | |
| 分册: | ||
| 出版信息: | 北京 中国建筑工业出版社 2020 |
|
| 页数: | 104页 | |
| 开本: | 30cm | |
| 丛书名: | ||
| 单 册: | ||
| 中图分类: | J121 | |
| 科图分类: | ||
| 主题词: | 艺术--设计--作品集--中国--现代 | |
| 电子资源: | ||
| ISBN: | 978-7-112-24567-3 | |
| 000 | 01273nam0 2200241 450 | |
| 001 | 202021044838 | |
| 005 | 20211025120153.0 | |
| 010 | @a978-7-112-24567-3@dCNY95.00 | |
| 100 | @a20211006d2020 em y0chiy50 ea | |
| 101 | 0 | @achi@aeng |
| 102 | @aCN@b110000 | |
| 105 | @aa z 000yy | |
| 106 | @ar | |
| 200 | 1 | @a上海交通大学设计学院建筑学系学生设计竞赛获奖作品选@dDepartment of architecture, School of Design, Shanghai Jiao Tong U niversity selected works of design competition by the students@f上海交通大学建筑学系主编@zeng@Ashang hai jiao tong da xue she ji xue yuan jian zhu xue xi xue sheng she ji jing sai huo jiang zuo pin xuan |
| 210 | @a北京@c中国建筑工业出版社@d2020 | |
| 215 | @a104页@d30cm | |
| 330 | @a本书收录了上海交通大学设计学院建筑学系学生在43次国内外设计竞赛中85分获奖作品,作品分四类:国际竞赛获奖类、国内竞赛获奖类、课程作业获奖类和跨学科合作获奖类。 | |
| 510 | 1 | @aDepartment of architecture, School of Design, Shanghai Jiao Tong U niversity selected works of design competition by the students@zeng |
| 606 | 0 | @a艺术@x设计@x作品集@y中国@z现代 |
| 690 | @aJ121@v5 | |
| 701 | 0 | @a范文兵@f(1968~)@4主编@Afan wen bing |
| 711 | 02 | @a上海交通大学@b建筑学系@4主编@Ashang hai jiao tong da xue jian zhu xue xi |
| 905 | @a河南城建学院图书馆@dJ121@eF140 | |
| 上海交通大学设计学院建筑学系学生设计竞赛获奖作品选=Department of architecture, School of Design, Shanghai Jiao Tong U niversity selected works of design competition by the students/上海交通大学建筑学系主编.-北京:中国建筑工业出版社,2020 |
| 104页;30cm |
| ISBN 978-7-112-24567-3:CNY95.00 |
| 本书收录了上海交通大学设计学院建筑学系学生在43次国内外设计竞赛中85分获奖作品,作品分四类:国际竞赛获奖类、国内竞赛获奖类、课程作业获奖类和跨学科合作获奖类。 |
| ● |
| 相关链接 |
|
|
|
正题名:上海交通大学设计学院建筑学系学生设计竞赛
索取号:J121/F140
 
预约/预借
| 序号 | 登录号 | 条形码 | 馆藏地/架位号 | 状态 | 备注 |
| 1 | 1544410 | 215444106 | 社科库309/309社科库 66排2列2层/ [索取号:J121/F140] | 在馆 | |
| 2 | 1544411 | 215444115 | 社科库309/309社科库 66排2列2层/ [索取号:J121/F140] | 在馆 |